00381nam a2200157Ia 4500003000400000008004100004040001600045082001300061100001300074245003100087260003400118300001000152490002400162650001500186650002200201GCL140319s9999 xx 000 0 eng d aGCL / cGCL04a843bS L1 aSTENDHAL10aLUCIEN LEUWEN / cSTENDHAL a[S.N] : bGALLIMARD ، c1973 a648 P aCOLLECTION FOLIOv004aLITERATURE04aFRENCH LITERATURE